| 000 | 00840nam a22002537a 4500 | ||
|---|---|---|---|
| 999 |
_c16431 _d16431 |
||
| 003 | AR-CdUCM | ||
| 008 | 190503b ||||| |||| 00| 0 spa d | ||
| 040 |
_aMUNICIPALIDAD PROVINCIAL DEL CUSCO _cBIBLIOTECA MUNICIPAL DEL CUSCO |
||
| 041 | _heng. | ||
| 082 |
_a355.098 / _bJ66. |
||
| 100 |
_aJohnson, Jhon J. _935876 |
||
| 245 | _aMilitares y sociedad en América Latina / | ||
| 260 |
_aBuenos Aires ; _bSolar, _c1966. |
||
| 300 |
_a299 paginas ; _c22 cm. |
||
| 505 | _aContenido :El siglo diecinueve --El siglo veinte --Los militares en el Brasil / | ||
| 650 |
_aFuerzas armadas _98330 |
||
| 650 |
_aCiencia política _91775 |
||
| 650 |
_aHistoria militar _91394 |
||
| 650 |
_aBrazil _935877 |
||
| 650 |
_aAmérica latina _94491 |
||
| 700 |
_aRicardo Setaro (traductor) _935878 |
||
| 942 |
_2ddc _cLIBROS |
||
| 945 |
_arjall _d2019-05-03 |
||